logo

Bir Sreshtho Munshi Abdur Rouf Library
Jhenaidah Cadet College

Introduction to analytic functions / (Record no. 6237)

MARC details
000 -LEADER
fixed length control field 00835nam a22002651 4500
001 - CONTROL NUMBER
JCCL Control Number 6237
003 - CONTROL NUMBER IDENTIFIER
JCCL marc code BD-JhCC
005 - DATE AND TIME OF LATEST TRANSACTION
control field 20180117123331.0
008 - FIXED-LENGTH DATA ELEMENTS--GENERAL INFORMATION
fixed length control field 840207s1966 maua b 000 0 eng
035 ## - SYSTEM CONTROL NUMBER
system control number (BD-JhCC)6237
040 ## - CATALOGING SOURCE
Original cataloging agency DLC/ICU
Transcribing agency ICU
Modifying agency DLC
041 ## - LANGUAGE CODE
Language code of Book eng
050 00 - LIBRARY OF CONGRESS CALL NUMBER
Classification number QA331
Item number .K33 1966
082 00 - DEWEY DECIMAL CLASSIFICATION NUMBER
Classification number 517.8
Author mark and Year KAP 1966
100 1# - MAIN ENTRY--PERSONAL NAME
Personal name Kaplan, Wilfred,
Dates associated with a name 1915-
245 10 - TITLE STATEMENT
Title Introduction to analytic functions /
Statement of responsibility, etc Wilfred Kaplan
260 ## - PUBLICATION, DISTRIBUTION, ETC. (IMPRINT)
Place of publication, distribution, etc Reading, Mass :
Name of publisher, distributor, etc Addison-Wesley Pub. Co.,
Date of publication, distribution, etc 1966.
300 ## - PHYSICAL DESCRIPTION
Pagination ix, 212 p.
Other physical details illus.
Dimensions 24 cm.
440 #0 -
Title Addison-Wesley series in mathematics
500 ## - GENERAL NOTE
General note "A revised and ... enlarged version of the author's A first course in functions of a complex variable."
504 ## - BIBLIOGRAPHY, ETC. NOTE
Bibliography, etc Bibliography: p. 205-206.
650 #0 - SUBJECT ADDED ENTRY--TOPICAL TERM
Topical term or geographic name as entry element Analytic functions.
942 ## - ADDED ENTRY ELEMENTS (KOHA)
Source of classification or shelving scheme Dewey Decimal Classification
Koha item type Books
Holdings
Source of classification or shelving scheme Damaged status Not for loan Home library Current library Shelving location Total Checkouts Full call number Barcode Date last seen Copy number Koha item type
Dewey Decimal Classification     JCC Rouf Library JCC Rouf Library General Stacks   517.8 KAP 1966 8091 01/17/2018 C - 1 Books

JCC Library | Contacts | JCC Home

Last Update on 23 September 2017
Copyright @ 2017-2020 JCC Rouf Library
Rouf Library, Jhenidah Cadet College (JCC), Bangladesh